Szczegóły MARC21

Dziewiąta przepaść : wspomnienia ojca /

003 -Nazwa inst., której nr kontr. jest w polu 001 [,]
    • @
    • Nazwa instytucji, której n kontrolny jest w polu 001
    • NUKAT
005 -DATA I CZAS OSTATNIEJ MODYFIKACJI [,]
    • @
    • pole kontrolne
    • 20241231113455.0
020 -Międzynarod. znormalizowany nr książki - ISBN [ , ]
    • a
    • Numer ISBN
    • 8303006169 Find
020 -Międzynarod. znormalizowany nr książki - ISBN [ , ]
    • a
    • Numer ISBN
    • 8303006185 Find
040 -Instytucja sporządzająca opis [ , ]
    • a
    • Instytucja, która sporządziła opis (NP)
    • GD U/TZ
    • c
    • Instytucja, która sporządziła rekord (NP)
    • GD U/TZ
    • d
    • Instytucja, która zmodyfikowała rekord (P)
    • POZN U/JŁs
942 -Rodzaj dokumentu [ , ]
    • c
    • Rodzaj dokumentu
    • Książka
100 -Hasło główne - nazwa osobowa [1, ]
    • a
    • Nazwa osobowa (NP)
    • Hulewicz, Wacław.
    • 9
    • KHW
    • 641214
245 -Strefa tytułu i oznaczenia odpowiedzialności [1,0]
    • a
    • Tytuł
    • Dziewiąta przepaść : Find
    • b
    • Ciąg dalszy tytułu (NP)
    • wspomnienia ojca / Find
    • c
    • Pozostałe elementy strefy tytułu i oznaczenia odpowiedzialności (NP)
    • Wacław Hulewicz. Saga jednak optymistyczna / Jadwiga Kulikowska-Grajek. Zaszczuty biedą : opowieść byłego fornala / Franciszek Olczak.
260 -Strefa adresu wydawniczego [ , ]
    • a
    • Miejsce wydania (P)
    • Szczecin :
    • b
    • Nazwa wydawcy (P)
    • Krajowa Agencja Wydawnicza,
    • c
    • Data wydania (P)
    • 1985.
300 -Strefa opisu fizycznego [ , ]
    • a
    • Określenie formy książki i/lub objętość (NP)
    • 186, [2] s. ;
    • c
    • Format (NP)
    • 20 cm.
336 -Typ zawartości [ , ]
    • a
    • Termin opisujący typ zawartości
    • Tekst
    • b
    • Kod określający zawartość
    • txt
    • 2
    • Źródło (terminu i kodu)
    • rdacontent
337 -Typ mediów [ , ]
    • a
    • Tryb odtwarzania
    • Bez urządzenia pośredniczącego
    • b
    • Kod typu mediów
    • n
    • 2
    • Źródło (terminu i kodu)
    • rdamedia
338 -Typ/rodzaj nośnika [ , ]
    • a
    • Hasło opisujące typ nośnika
    • Wolumin
    • b
    • Kod typu nośnika
    • nc
    • 2
    • Źródło (terminu i kodu)
    • rdacarrier
490 -Strefa serii i książki wielotomowej - forma nie do wyszukiwania [1, ]
    • a
    • Tytuł (P)
    • Tryptyk szczeciński w opracowaniu literackim Mariusza Czarnieckiego ; Find
    • v
    • Numeracja (P)
    • 2
830 -Hasło dodatkowe serii i opisu książki wielotomowej - tytuł ujednolicony/tytuł [ ,0]
    • a
    • Tytuł ujednolicony/tytuł (NP)
    • Tryptyk szczeciński
    • v
    • Oznaczenie tomu (NP)
    • 2
500 -Uwaga ogólna [ , ]
    • a
    • Uwaga ogólna (NP)
    • S. przytyt.: Wspomnienia, pamiętniki, relacje nagrodzone w konkursie "Dzieje szczecińskich rodzin w XX wieku".
080 -Uniwersalna Klasyfikacja Dziesiętna [ , ]
    • a
    • Symbol klasyfikacji
    • 943.8.083Szczecin(049.5)
080 -Uniwersalna Klasyfikacja Dziesiętna [ , ]
    • a
    • Symbol klasyfikacji
    • :929(438)"18"(049.5)
655 -Hasło w funkcji tematu formalnego [ ,7]
    • a
    • Hasło
    • Pamiętniki polskie
    • y
    • Określnik chronologiczny
    • 1945-1990.
    • 2
    • Źródło terminu
    • kaba
    • 9
    • KHW
    • 401812
980 -Symbol UKD [ , ]
    • a
    • UKD
    • 943.8.083Szczecin(049.5):929(438)"18"(049.5)
700 -Hasło dodatkowe - nazwa osobowa [1, ]
    • a
    • Nazwa osobowa (NP)
    • Czarniecki, Mariusz M. Find
    • d
    • Daty biograficzne (NP)
    • (1934-2015).
    • e
    • Określenie rodzaju współpracy
    • Oprac.
    • 9
    • KHW
    • 37910
700 -Hasło dodatkowe - nazwa osobowa [1,2]
    • a
    • Nazwa osobowa (NP)
    • Olczak, Franciszek Find
    • d
    • Daty biograficzne (NP)
    • (1921- ).
    • t
    • Tytuł ujednolicony/tytuł (NP)
    • Zaszczuty biedą Find
    • l
    • Język tekstu (NP)
    • (pol.)
    • 9
    • KHW
    • 641217
700 -Hasło dodatkowe - nazwa osobowa [1,2]
    • a
    • Nazwa osobowa (NP)
    • Kulikowska-Grajek, Jadwiga Find
    • d
    • Daty biograficzne (NP)
    • (1925- ).
    • t
    • Tytuł ujednolicony/tytuł (NP)
    • Saga jednak optymistyczna Find
    • l
    • Język tekstu (NP)
    • (pol. )
    • 9
    • KHW
    • 641216
710 -Hasło dodatkowe - nazwa ciała zbiorowego [2, ]
    • a
    • Nazwa ciała zbiorowego lub nazwa geograficzna jako pierwszy element (NP)
    • Krajowa Agencja Wydawnicza (1974-2004).
    • 4
    • Kod relacji
    • pbl
    • 9
    • KHW
    • 55236
920 -ISBN [ , ]
    • a
    • ISBN
    • 83-03-00-616-9 Find
920 -ISBN [ , ]
    • a
    • ISBN
    • 83-03-00-618-5 Find
Data inwentaryzacji Status udost. Lokalizacja Sygnatura Numer inwentarzowy
2001-10-17-3BGW.123157W.124773
2001-10-17-3BGW.123157W.124774
2001-10-172BGW.123157W.124775
2001-10-172BGW.123157W.124776
2001-10-171BGZ.59443Z.60399
2002-02-081BGZ.59443Z.98564